| 000 | 00396nam a22001337a 4500 | ||
|---|---|---|---|
| 020 | _qHB. | ||
| 040 | _cFIZZA ISHAQ | ||
| 082 |
_a031 _bGRO |
||
| 100 |
_a Jeffrey H. Hacker, Bernard S. Cayne. _9134328 |
||
| 245 |
_aEncyclopedia Year Book 1985 / _cBernard S. Cayne Jeffrey H. Hacker. |
||
| 260 |
_a New York: _bGrolier Incorporated, _c1985. |
||
| 300 |
_a607 P. : ill. ; _c 26 cm |
||
| 942 |
_2ddc _cBK |
||
| 999 |
_c617313 _d617313 |
||